<?xml version="1.0" encoding="UTF-8"?>
<record
    xmlns:xsi="http://www.w3.org/2001/XMLSchema-instance"
    xsi:schemaLocation="http://www.loc.gov/MARC21/slim http://www.loc.gov/standards/marcxml/schema/MARC21slim.xsd"
    xmlns="http://www.loc.gov/MARC21/slim">

  <leader>00578nam a22001577a 4500</leader>
  <controlfield tag="003">OSt</controlfield>
  <controlfield tag="005">20150905152920.0</controlfield>
  <controlfield tag="008">150905b        xxu||||| |||| 00| 0 eng d</controlfield>
  <datafield tag="040" ind1=" " ind2=" ">
    <subfield code="c">RUA</subfield>
  </datafield>
  <datafield tag="082" ind1=" " ind2=" ">
    <subfield code="a">AGR &#x179F;&#x17CA;&#x17B7;&#x1793; 1989 B001 Or.1</subfield>
  </datafield>
  <datafield tag="100" ind1=" " ind2=" ">
    <subfield code="9">45</subfield>
    <subfield code="a">&#x179F;&#x17CA;&#x17B7;&#x1793; &#x179F;&#x17BB;&#x179C;&#x17CA;&#x17B7;&#x1791;&#x17D2;&#x1792;</subfield>
  </datafield>
  <datafield tag="245" ind1=" " ind2=" ">
    <subfield code="a">&#x1780;&#x17B6;&#x179A;&#x1794;&#x1784;&#x17D2;&#x1780;&#x17BE;&#x178F;&#x1795;&#x17D2;&#x1791;&#x17C3;&#x179F;&#x17D2;&#x179B;&#x17B9;&#x1780;&#x1793;&#x17B7;&#x1784;&#x1795;&#x179B;&#x17B7;&#x178F;&#x1795;&#x179B;&#x1794;&#x17C9;&#x17C1;&#x1784;&#x1794;&#x17C9;&#x17C4;&#x17C7;&#x17A2;&#x17B6;&#x179F;&#x17D2;&#x179A;&#x17D0;&#x1799;&#x1798;&#x1780;&#x1796;&#x17B8;&#x1795;&#x17D2;&#x1791;&#x17C3;&#x1785;&#x17C6;&#x178E;&#x17B8;&#x179A;&#x17BB;&#x1780;&#x17D2;&#x1781;&#x1787;&#x17B6;&#x178F;&#x17B7;</subfield>
  </datafield>
  <datafield tag="260" ind1=" " ind2=" ">
    <subfield code="a">Phnom Penh </subfield>
    <subfield code="b">RUA</subfield>
    <subfield code="c">1989</subfield>
  </datafield>
  <datafield tag="300" ind1=" " ind2=" ">
    <subfield code="a">140p.</subfield>
    <subfield code="b">ill.</subfield>
    <subfield code="c">29cm.</subfield>
  </datafield>
  <datafield tag="942" ind1=" " ind2=" ">
    <subfield code="2">ddc</subfield>
    <subfield code="c">AGR</subfield>
  </datafield>
  <datafield tag="999" ind1=" " ind2=" ">
    <subfield code="c">43</subfield>
    <subfield code="d">43</subfield>
  </datafield>
  <datafield tag="952" ind1=" " ind2=" ">
    <subfield code="0">0</subfield>
    <subfield code="1">0</subfield>
    <subfield code="2">ddc</subfield>
    <subfield code="4">0</subfield>
    <subfield code="6">AGR_&#x179F;&#x17B7;&#x1793;_1989_000000000000000_B001_OR_1</subfield>
    <subfield code="7">0</subfield>
    <subfield code="9">152</subfield>
    <subfield code="a">LBB</subfield>
    <subfield code="b">LBB</subfield>
    <subfield code="c">B001</subfield>
    <subfield code="d">2015-09-05</subfield>
    <subfield code="o">AGR &#x179F;&#x17CA;&#x17B7;&#x1793; 1989 B001 Or.1</subfield>
    <subfield code="p">RUA004822</subfield>
    <subfield code="r">2015-09-05</subfield>
    <subfield code="w">2015-09-05</subfield>
    <subfield code="y">AGR</subfield>
  </datafield>
</record>
